Normal view
MARC view
- Projects In Linguistics -A Practical Guide To Researching Language
Entry Topical Term
001 - CONTROL NUMBER
- control field: 2283
003 - CONTROL NUMBER IDENTIFIER
- control field: JO-AjAnu
005 - DATE AND TIME OF LATEST TRANSACTION
- control field: 20230606070658.0
008 - FIXED-LENGTH DATA ELEMENTS
- fixed length control field: 230606|| aca||aabn | a|a d
040 ## - CATALOGING SOURCE
- Original cataloging agency: JO-AjAnu
- Transcribing agency: JO-AjAnu
150 ## - HEADING--TOPICAL TERM
- Topical term or geographic name entry element: Projects In Linguistics -A Practical Guide To Researching Language
670 ## - SOURCE DATA FOUND
- Source citation: Work cat.: (JO-AjAnu)1194: Bloomer,Aileen تأليف/Wray,Alison م.مشارك, author 2282, Projects In Linguistics :A Practical Guide To Researching Language